000 00995nam a22002657a 4500
999 _c22535
_d22535
003 AR-CdUCM
008 190423b ||||| |||| 00| 0 spa d
020 _a9789583050190
040 _aMUNICIPALIDAD PROVINCIAL DEL CUSCO
_cBIBLIOTECA MUNICIPAL DEL CUSCO
041 _hspa
082 _aEP/891.8396
_bH97
_21a ed., 4a reimpr.
100 _aHuseinovic, Kasmir
_948441
245 _aAventura en la biblioteca /
_cKašmir Huseinovic ; ilustraciones, Andrea Petrlik Huseinovic ; [traducción, Andrea Moure]
260 _aBogotá :
_bPanamericana,
_c2019.
300 _a75 pág. :
_bilustraciones en color,
_c21 cm.
500 _aTraducción de: Adventure in the library.
650 _aCuentos infantiles croatas
_948442
650 _aTraducciones al español
_91053
650 _aCuento infantil
_948443
650 _aSiglo XX
_948444
700 _aPetrlik Huseinovic, Andrea
_eilustrador
_948445
700 _aMoure Bejarano, Andrea
_etraductor
_948446
942 _2ddc
_cLIBROS
945 _arac